Final Fantasy VIII Triple Triad Cards Quiz Stats

 Plays Quiz not verified by Sporcle

Challenge
Share
Tweet
Score 0/110 Timer 15:00
0 Plays Today
Card Level Card Name % Correct
Lv. 10Squall
96.9%
Lv. 8Shiva
95.9%
Lv. 8Ifrit
95.9%
Lv. 10Quistis
93.9%
Lv. 10Zell
93.9%
Lv. 10Selphie
91.8%
Lv. 10Laguna
90.8%
Lv. 10Irvine
89.8%
Lv. 10Rinoa
89.8%
Lv. 10Edea
89.8%
Lv. 10Seifer
89.8%
Lv. 3Tonberry
88.8%
Lv. 9Bahamut
87.8%
Lv. 9Eden
87.8%
Lv. 10Ward
87.8%
Lv. 10Kiros
87.8%
Lv. 9Leviathan
85.7%
Lv. 9Doomtrain
85.7%
Lv. 9Alexander
83.7%
Lv. 3Cactuar
82.7%
Lv. 8MiniMog
82.7%
Lv. 8Siren
82.7%
Lv. 9Diablos
82.7%
Lv. 8Quezacotl
81.6%
Lv. 8Minotaur
81.6%
Lv. 9Carbuncle
81.6%
Lv. 9Cerberus
79.6%
Lv. 5Tonberry King
76.5%
Lv. 8Sacred
76.5%
Lv. 9Odin
76.5%
Lv. 9Pandemona
75.5%
Lv. 5Wedge, Biggs
73.5%
Lv. 7Jumbo Cactuar
72.4%
Lv. 5Malboro
69.4%
Lv. 2Buel
68.4%
Lv. 8Gilgamesh
68.4%
Lv. 4T-Rexaur
66.3%
Card Level Card Name % Correct
Lv. 5PuPu
66.3%
Lv. 8Angelo
66.3%
Lv. 9Phoenix
66.3%
Lv. 4Bomb
65.3%
Lv. 1Bite Bug
64.3%
Lv. 5Ruby Dragon
64.3%
Lv. 7Ultima Weapon
63.3%
Lv. 8Chicobo
61.2%
Lv. 1Geezard
60.2%
Lv. 2Grat
60.2%
Lv. 6Fujin, Raijin
60.2%
Lv. 5Iron Giant
59.2%
Lv. 7Tiamat
59.2%
Lv. 4Blue Dragon
58.2%
Lv. 5Elnoyle
57.1%
Lv. 8Chubby Chocobo
57.1%
Lv. 2Grendel
56.1%
Lv. 6Elvoret
56.1%
Lv. 1Red Bat
55.1%
Lv. 7Catoblepas
54.1%
Lv. 5Behemoth
52%
Lv. 6Krysta
52%
Lv. 7Red Giant
52%
Lv. 1Caterchipillar
50%
Lv. 2Anacondaur
50%
Lv. 6Gerogero
49%
Lv. 6Trauma
49%
Lv. 6Shumi
49%
Lv. 3Ochu
48%
Lv. 6Oilboyle
48%
Lv. 7Tri-Point
48%
Lv. 1Funguar
46.9%
Lv. 1Blobra
46.9%
Lv. 4Wendigo
46.9%
Lv. 4Hexadragon
46.9%
Lv. 7Sphinxara
46.9%
Lv. 4Vysage
45.9%
Card Level Card Name % Correct
Lv. 6Iguion
45.9%
Lv. 4Adamantoise
44.9%
Lv. 1Gesper
43.9%
Lv. 2Creeps
43.9%
Lv. 4Imp
43.9%
Lv. 6Abadon
43.9%
Lv. 7Propagator
43.9%
Lv. 7Gargantua
43.9%
Lv. 3Tri-Face
42.9%
Lv. 5Chimera
42.9%
Lv. 3Snow Lion
41.8%
Lv. 5Elastoid
40.8%
Lv. 1Gayla
39.8%
Lv. 1Cockatrice
39.8%
Lv. 6Granaldo
39.8%
Lv. 3Fastitocalon
38.8%
Lv. 4Blitz
38.8%
Lv. 1Fastitocalon-F
37.8%
Lv. 2Belhelmel
37.8%
Lv. 3Forbidden
37.8%
Lv. 4Torama
37.8%
Lv. 2Mesmerize
36.7%
Lv. 6X-ATM092
36.7%
Lv. 3Armadodo
34.7%
Lv. 7Mobile Type 8
34.7%
Lv. 1Blood Soul
30.6%
Lv. 2Glacial Eye
30.6%
Lv. 2Thrustaevis
30.6%
Lv. 2Jelleye
29.6%
Lv. 3Abyss Worm
29.6%
Lv. 4Turtapod
29.6%
Lv. 3SAM08G
28.6%
Lv. 3Death Claw
28.6%
Lv. 2Grand Mantis
25.5%
Lv. 5GIM47N
21.4%
Lv. 7BGH251F2
20.4%

You're not logged in!

Compare scores with friends on all Sporcle quizzes.
OR
Log In

You Might Also Like...

Show Comments

Extras

Created Mar 18, 2011ReportNominate
Tags:Final Fantasy Quiz

Top Quizzes Today


Score Distribution

Your Account Isn't Verified!

In order to create a playlist on Sporcle, you need to verify the email address you used during registration. Go to your Sporcle Settings to finish the process.

Report this User

Report this user for behavior that violates our Community Guidelines.

Details: